[Event "Oberliga Ost B 2016 2017"]
[Site "Germany"]
[Date "2017.03.19"]
[Round "8.1"]
[White "Keller, Peter"]
[Black "Teske, Henrik"]
[Result "1/2-1/2"]
[WhiteElo "2285"]
[BlackElo "2487"]
[PlyCount "22"]
[EventDate "2016.10.16"]
[EventType "team-tourn"]
[EventCountry "GER"]
[WhiteTeam "Frankfurter TV"]
[BlackTeam "Erfurt SV Empor"]
[WhiteTeamCountry "GER"]
[BlackTeamCountry "GER"]

1. e4 c5 2. Nf3 e6 3. d4 cxd4 4. Nxd4 Nc6 5. Nc3 Qc7 6. Be3 a6 7. Qf3 Bd6 8.
O-O-O Be5 9. g3 Nf6 10. Qe2 b5 11. f4 Bxd4 1/2-1/2

[Event "Oberliga Ost B 2016 2017"]
[Site "Germany"]
[Date "2017.03.19"]
[Round "8.2"]
[White "Langheinrich, Ferenc"]
[Black "Telljohann, Sven"]
[Result "1/2-1/2"]
[WhiteElo "2381"]
[BlackElo "2409"]
[PlyCount "65"]
[EventDate "2016.10.16"]
[EventType "team-tourn"]
[EventCountry "GER"]
[WhiteTeam "Erfurt SV Empor"]
[BlackTeam "Frankfurter TV"]
[WhiteTeamCountry "GER"]
[BlackTeamCountry "GER"]

1. e4 g6 2. d4 Bg7 3. Nc3 c6 4. f4 Qb6 5. Nf3 d5 6. e5 Bg4 7. h3 Bxf3 8. Qxf3
e6 9. Qd1 h5 10. Rb1 Nh6 11. g4 Nd7 12. Be3 Ng8 13. Qf3 Bf8 14. Kd1 c5 15. dxc5
Bxc5 16. Na4 Qc6 17. Nxc5 Nxc5 18. Bxc5 Qxc5 19. Bd3 Ne7 20. Ke2 hxg4 21. hxg4
Kd7 22. Rxh8 Rxh8 23. Rh1 Rxh1 24. Qxh1 Qb4 25. Kf3 g5 26. Qc1 Nc6 27. c3 Qa4
28. a3 gxf4 29. Qxf4 Qxf4+ 30. Kxf4 Ke7 31. g5 a6 32. b4 Kd8 33. Be2 1/2-1/2

[Event "Oberliga Ost B 2016 2017"]
[Site "Germany"]
[Date "2017.03.19"]
[Round "8.4"]
[White "Urban, Lars"]
[Black "Neininger, Ralph"]
[Result "1-0"]
[WhiteElo "2196"]
[BlackElo "2125"]
[PlyCount "77"]
[EventDate "2016.10.16"]
[EventType "team-tourn"]
[EventCountry "GER"]
[WhiteTeam "Erfurt SV Empor"]
[BlackTeam "Frankfurter TV"]
[WhiteTeamCountry "GER"]
[BlackTeamCountry "GER"]

1. d4 Nf6 2. c4 g6 3. Nc3 d5 4. Nf3 Bg7 5. e3 O-O 6. b4 c6 7. Bb2 Bg4 8. Qb3
Bxf3 9. gxf3 e6 10. c5 Nbd7 11. f4 Ng4 12. Qd1 Qh4 13. Qf3 f6 14. Bh3 f5 15.
Bxg4 fxg4 16. Qg3 Qxg3 17. fxg3 Nf6 18. Ke2 Kf7 19. Rab1 Ke7 20. b5 Rfb8 21.
Ba3 Nd7 22. h3 gxh3 23. g4 h5 24. gxh5 gxh5 25. Rxh3 Nf6 26. Kf3 a6 27. bxc6
bxc6 28. Rb6 Kd7 29. Na4 Kc7 30. Bb4 a5 31. Be1 Rh8 32. f5 Ne4 33. Bg3+ e5 34.
dxe5 Ng5+ 35. Kg2 Nxh3 36. Kxh3 Rac8 37. f6 Bh6 38. e6+ Kd8 39. Rb7 1-0

[Event "Oberliga Ost B 2016 2017"]
[Site "Germany"]
[Date "2017.03.19"]
[Round "8.6"]
[White "Weishaeutel, Moritz"]
[Black "Du Maire, Jerome"]
[Result "1-0"]
[WhiteElo "1879"]
[BlackElo "2169"]
[PlyCount "65"]
[EventDate "2016.10.16"]
[EventType "team-tourn"]
[EventCountry "GER"]
[WhiteTeam "Erfurt SV Empor"]
[BlackTeam "Frankfurter TV"]
[WhiteTeamCountry "GER"]
[BlackTeamCountry "GER"]

1. e4 e6 2. d4 d5 3. Nd2 Nc6 4. Ngf3 Nf6 5. e5 Nd7 6. Nb3 a5 7. a4 Be7 8. Bb5
Na7 9. Be2 b6 10. O-O c5 11. c3 O-O 12. Re1 Nc6 13. Bb5 Ndb8 14. Be3 c4 15.
Bxc6 Nxc6 16. Nbd2 Bd7 17. Nf1 Na7 18. Qd2 b5 19. axb5 Nxb5 20. Bg5 a4 21. Bxe7
Qxe7 22. Ng3 Rfb8 23. Nh5 h6 24. h3 a3 25. bxa3 Rxa3 26. Rxa3 Qxa3 27. Rc1 Nc7
28. Nh2 Rb2 29. Qf4 Ba4 30. Ng4 Qf8 31. Ra1 Nb5 32. Qg3 Bc2 33. Ngf6+ 1-0

[Event "Oberliga Ost B 2016 2017"]
[Site "Germany"]
[Date "2017.03.19"]
[Round "8.7"]
[White "Krzesinski, Paul"]
[Black "Rudnizki, Sergej"]
[Result "1/2-1/2"]
[WhiteElo "2046"]
[BlackElo "2148"]
[PlyCount "109"]
[EventDate "2016.10.16"]
[EventType "team-tourn"]
[EventCountry "GER"]
[WhiteTeam "Frankfurter TV"]
[BlackTeam "Erfurt SV Empor"]
[WhiteTeamCountry "GER"]
[BlackTeamCountry "GER"]

1. e4 e5 2. Bc4 Nc6 3. Nf3 Be7 4. O-O Nf6 5. d3 a6 6. Nc3 d6 7. a4 O-O 8. Ne2
Bg4 9. Ng3 Nd4 10. c3 Bxf3 11. gxf3 Ne6 12. Kh1 d5 13. Bb3 Kh8 14. Be3 c5 15.
Rg1 d4 16. Bc1 Ne8 17. Qf1 Bg5 18. Qh3 Bxc1 19. Bxe6 fxe6 20. Raxc1 Qf6 21. Rg2
g6 22. cxd4 cxd4 23. Nf1 Ng7 24. Nd2 Rac8 25. Rcg1 Nh5 26. Rg5 b5 27. Rxh5 gxh5
28. Qxh5 Rc2 29. Rd1 Rxb2 30. axb5 axb5 31. Kg2 Qg6+ 32. Qxg6 hxg6 33. Kg3 Ra8
34. f4 Ra3 35. Nf3 exf4+ 36. Kxf4 Rxf2 37. Kg3 Re2 38. Ne5 Rxe4 39. Nxg6+ Kh7
40. Nf4 Re3+ 41. Kg4 e5 42. Ne6 Rexd3 43. Rb1 Rab3 44. Rf1 Rd2 45. h4 Rg2+ 46.
Kh5 Ra3 47. Rf7+ Kh8 48. Rb7 Ra6 49. Ng5 Rxg5+ 50. hxg5 Rd6 51. g6 d3 52. Kh6
Rd8 53. Rh7+ Kg8 54. Rg7+ Kf8 55. Rb7 1/2-1/2

[Event "Oberliga Ost B 2016 2017"]
[Site "Germany"]
[Date "2017.03.19"]
[Round "8.8"]
[White "Wiemers, Holger"]
[Black "Rondonuwu, Grover"]
[Result "1/2-1/2"]
[WhiteElo "1969"]
[BlackElo "2087"]
[PlyCount "47"]
[EventDate "2016.10.16"]
[EventType "team-tourn"]
[EventCountry "GER"]
[WhiteTeam "Erfurt SV Empor"]
[BlackTeam "Frankfurter TV"]
[WhiteTeamCountry "GER"]
[BlackTeamCountry "GER"]

1. d4 d5 2. Nf3 Nf6 3. e3 e6 4. Bd3 Nbd7 5. Nbd2 Bd6 6. O-O e5 7. e4 O-O 8.
dxe5 Nxe5 9. Nxe5 Bxe5 10. Nf3 Bg4 11. h3 Bxf3 12. Qxf3 c6 13. exd5 Qxd5 14.
Qxd5 Nxd5 15. c3 Rad8 16. Bc4 Rfe8 17. Rd1 Nb6 18. Rxd8 Rxd8 19. Bb3 Nd5 20.
Bg5 f6 21. Be3 b6 22. Rd1 Bc7 23. Bxd5+ Rxd5 24. Rxd5 1/2-1/2

[Event "Oberliga Ost B 2016 2017"]
[Site "Germany"]
[Date "2017.03.19"]
[Round "8.1"]
[White "Lubbe, Nikolas"]
[Black "Wehner, Janis"]
[Result "1-0"]
[WhiteElo "2500"]
[BlackElo "2210"]
[PlyCount "129"]
[EventDate "2016.10.16"]
[EventType "team-tourn"]
[EventCountry "GER"]
[WhiteTeam "Neuberg SF"]
[BlackTeam "Erfurt SV Medizin"]
[WhiteTeamCountry "GER"]
[BlackTeamCountry "GER"]

1. d4 Nf6 2. Nf3 g6 3. Bf4 Bg7 4. e3 O-O 5. Nbd2 d6 6. h3 b6 7. Be2 Bb7 8. O-O
c5 9. Bh2 Nbd7 10. Re1 Ne4 11. Nxe4 Bxe4 12. c3 Nf6 13. Qb3 Qd7 14. Nd2 Bc6 15.
Bf1 Qb7 16. a4 Ne4 17. Nxe4 Bxe4 18. Rad1 e5 19. dxc5 dxc5 20. Rd2 Rad8 21.
Red1 Qc7 22. Bc4 Bf6 23. Bd5 Bxd5 24. Rxd5 Rxd5 25. Rxd5 Rd8 26. Qd1 Rxd5 27.
Qxd5 Kf8 28. Kf1 Ke7 29. Ke2 Qd7 30. Qe4 Qf5 31. Qb7+ Qd7 32. Qe4 Qf5 33. Qxf5
gxf5 34. Kd3 Kd6 35. Kc4 Kc6 36. b4 a6 37. b5+ axb5+ 38. axb5+ Kd6 39. g4 fxg4
40. hxg4 Bd8 41. Kd3 Kd5 42. c4+ Ke6 43. Ke4 f6 44. f4 Bc7 45. Bg3 exf4 46.
exf4 Bd8 47. f5+ Kd7 48. Kd5 Be7 49. Be1 Bd8 50. Bd2 Be7 51. Bh6 Bd8 52. Bg7
Be7 53. g5 fxg5 54. f6 Bd6 55. f7 g4 56. f8=Q Bxf8 57. Bxf8 g3 58. Bd6 g2 59.
Bh2 h5 60. Bg1 h4 61. Bh2 h3 62. Bg1 Kc7 63. Ke6 Kb7 64. Kd7 Ka8 65. Kc8 1-0

[Event "Oberliga Ost B 2016 2017"]
[Site "Germany"]
[Date "2017.03.19"]
[Round "8.2"]
[White "Holzschuh, Stephan"]
[Black "Lubbe, Melanie"]
[Result "0-1"]
[WhiteElo "2292"]
[BlackElo "2261"]
[PlyCount "76"]
[EventDate "2016.10.16"]
[EventType "team-tourn"]
[EventCountry "GER"]
[WhiteTeam "Erfurt SV Medizin"]
[BlackTeam "Neuberg SF"]
[WhiteTeamCountry "GER"]
[BlackTeamCountry "GER"]

1. e4 c5 2. Nc3 Nc6 3. Nf3 d6 4. Bb5 Bd7 5. O-O e5 6. d3 Nf6 7. a4 Be7 8. h3
O-O 9. Bc4 a6 10. Bg5 Na5 11. Qd2 Bc6 12. Bxf6 Bxf6 13. Nd5 b6 14. Nxf6+ Qxf6
15. Bd5 Bxd5 16. exd5 Qe7 17. b4 cxb4 18. Qxb4 Qc7 19. c4 Qc5 20. Rab1 Rab8 21.
Nd2 f5 22. Rb2 Qd4 23. Nf3 Qxd3 24. Qxd6 Rbe8 25. Nd2 Rf6 26. Qd7 Ref8 27. Rc1
e4 28. Qe7 Rg6 29. c5 Qxd5 30. Nf1 Nc4 31. Rb4 e3 32. Ng3 exf2+ 33. Kh2 b5 34.
axb5 axb5 35. Rxb5 f4 36. Ne4 Ne3 37. c6 Qxb5 38. c7 Rxg2+ 0-1

[Event "Oberliga Ost B 2016 2017"]
[Site "Germany"]
[Date "2017.03.19"]
[Round "8.3"]
[White "Kuenstler, Christian"]
[Black "Nguyen, Huy Dat"]
[Result "1-0"]
[WhiteElo "2259"]
[BlackElo "2174"]
[PlyCount "53"]
[EventDate "2016.10.16"]
[EventType "team-tourn"]
[EventCountry "GER"]
[WhiteTeam "Neuberg SF"]
[BlackTeam "Erfurt SV Medizin"]
[WhiteTeamCountry "GER"]
[BlackTeamCountry "GER"]

1. d4 Nf6 2. Nf3 g6 3. Nc3 d5 4. Bf4 c6 5. Qd2 Na6 6. e3 Nc7 7. Be2 Bg7 8. Ne5
O-O 9. h4 Ne6 10. Bh2 c5 11. g4 cxd4 12. exd4 a5 13. O-O-O a4 14. a3 Nc7 15. f3
Nfe8 16. h5 e6 17. hxg6 fxg6 18. Bf4 Qe7 19. Rh3 b5 20. Na2 Nd6 21. Rdh1 Nc4
22. Bxc4 dxc4 23. Rxh7 Bb7 24. Bg5 Qd6 25. Rh8+ Bxh8 26. Qh2 Qxe5 27. Qh7# 1-0

[Event "Oberliga Ost B 2016 2017"]
[Site "Germany"]
[Date "2017.03.19"]
[Round "8.4"]
[White "Kirschbaum, Gunnar"]
[Black "Wahedi, Ahmad Siar"]
[Result "1/2-1/2"]
[WhiteElo "2141"]
[BlackElo "2294"]
[PlyCount "22"]
[EventDate "2016.10.16"]
[EventType "team-tourn"]
[EventCountry "GER"]
[WhiteTeam "Erfurt SV Medizin"]
[BlackTeam "Neuberg SF"]
[WhiteTeamCountry "GER"]
[BlackTeamCountry "GER"]

1. e4 d5 2. exd5 Qxd5 3. Nc3 Qa5 4. d4 Nf6 5. Nf3 Bf5 6. Bd3 Bxd3 7. Qxd3 c6 8.
O-O e6 9. Bg5 Nbd7 10. Rfe1 Bd6 11. Ne4 Nxe4 1/2-1/2

[Event "Oberliga Ost B 2016 2017"]
[Site "Germany"]
[Date "2017.03.19"]
[Round "8.5"]
[White "Seifert, Christopher"]
[Black "Reichel, Norbert"]
[Result "1-0"]
[WhiteElo "2294"]
[BlackElo "2131"]
[PlyCount "65"]
[EventDate "2016.10.16"]
[EventType "team-tourn"]
[EventCountry "GER"]
[WhiteTeam "Neuberg SF"]
[BlackTeam "Erfurt SV Medizin"]
[WhiteTeamCountry "GER"]
[BlackTeamCountry "GER"]

1. c4 Nf6 2. g3 d5 3. Bg2 c5 4. cxd5 Nxd5 5. Nc3 Nc7 6. d3 Nc6 7. Be3 e5 8. Rc1
Nd4 9. Nf3 f6 10. O-O Be7 11. Nd2 O-O 12. Na4 Nce6 13. Nb3 Rb8 14. Naxc5 Nxc5
15. Nxc5 Kh8 16. Nb3 Nf5 17. Bc5 b6 18. Bxe7 Qxe7 19. e4 Nd6 20. d4 Ba6 21. Re1
Rbc8 22. Qg4 Nc4 23. Bf1 Rc7 24. Red1 Bc8 25. Qe2 b5 26. Rc3 Rd7 27. Qc2 Nd6
28. Bxb5 Nxb5 29. Rxc8 Rxc8 30. Qxc8+ Rd8 31. Qc4 Nxd4 32. Nxd4 Qd6 33. Qd5 1-0

[Event "Oberliga Ost B 2016 2017"]
[Site "Germany"]
[Date "2017.03.19"]
[Round "8.6"]
[White "Mueller Ludwig, Kristin"]
[Black "Lutz, Klaus Juergen"]
[Result "0-1"]
[WhiteElo "2078"]
[BlackElo "2277"]
[PlyCount "48"]
[EventDate "2016.10.16"]
[EventType "team-tourn"]
[EventCountry "GER"]
[WhiteTeam "Erfurt SV Medizin"]
[BlackTeam "Neuberg SF"]
[WhiteTeamCountry "GER"]
[BlackTeamCountry "GER"]

1. e4 c5 2. Nf3 d6 3. d4 cxd4 4. Nxd4 Nf6 5. Nc3 g6 6. Be3 Bg7 7. f3 O-O 8. Qd2
Nc6 9. O-O-O d5 10. Qe1 e5 11. exd5 Nxd4 12. Bxd4 exd4 13. Rxd4 Qb6 14. Qd2 Bd7
15. Bc4 Rfe8 16. Bb3 a5 17. Rd1 Qd6 18. g3 b5 19. a3 b4 20. axb4 axb4 21. Na2
Reb8 22. Re1 Ba4 23. Nxb4 Bxb3 24. cxb3 Nd7 0-1

[Event "Oberliga Ost B 2016 2017"]
[Site "Germany"]
[Date "2017.03.19"]
[Round "8.7"]
[White "Schaffer, Hendrik"]
[Black "Jakob, Matthias"]
[Result "1-0"]
[WhiteElo "2267"]
[BlackElo "2068"]
[PlyCount "85"]
[EventDate "2016.10.16"]
[EventType "team-tourn"]
[EventCountry "GER"]
[WhiteTeam "Neuberg SF"]
[BlackTeam "Erfurt SV Medizin"]
[WhiteTeamCountry "GER"]
[BlackTeamCountry "GER"]

1. d4 Nc6 2. Nf3 d6 3. g3 Nf6 4. Bg2 g6 5. O-O Bg7 6. d5 Nb8 7. c4 O-O 8. Nc3
Nbd7 9. h3 a5 10. e4 Nc5 11. Qc2 e6 12. Be3 Nfd7 13. Rac1 b6 14. Nd4 Ne5 15. b3
Ned3 16. Rcd1 Nb4 17. Qb1 exd5 18. a3 Nba6 19. Nxd5 Bb7 20. b4 axb4 21. axb4
Ne6 22. Ne2 Re8 23. f4 Nf8 24. Bd4 Nd7 25. Bxg7 Kxg7 26. Qb2+ f6 27. h4 c6 28.
Ndc3 Qc7 29. Rd2 d5 30. b5 cxb5 31. cxd5 Qc5+ 32. Nd4 b4 33. Ncb5 Kg8 34. Rc1
Qe7 35. Nc7 Ndc5 36. Nxa8 Rxa8 37. Nc6 Bxc6 38. dxc6 Rc8 39. Rcd1 b3 40. Rd6
Rf8 41. Kh2 b5 42. e5 fxe5 43. fxe5 1-0

[Event "Oberliga Ost B 2016 2017"]
[Site "Germany"]
[Date "2017.03.19"]
[Round "8.8"]
[White "Nguyen, Ha Thanh"]
[Black "Drill, Frank"]
[Result "1-0"]
[WhiteElo "1704"]
[BlackElo "2049"]
[PlyCount "109"]
[EventDate "2016.10.16"]
[EventType "team-tourn"]
[EventCountry "GER"]
[WhiteTeam "Erfurt SV Medizin"]
[BlackTeam "Neuberg SF"]
[WhiteTeamCountry "GER"]
[BlackTeamCountry "GER"]

1. e4 Nc6 2. Nf3 f5 3. Nc3 fxe4 4. Nxe4 d5 5. Ng3 Bg4 6. Be2 e6 7. d4 Bd6 8. c3
Bxf3 9. Bxf3 Qh4 10. Qe2 Kd7 11. Bd2 Nf6 12. O-O-O a6 13. Qf1 g5 14. Ne2 g4 15.
g3 Qh5 16. Bg2 Na5 17. h3 Nc4 18. Bf4 Rae8 19. hxg4 Qxg4 20. Rh4 Qg7 21. Bxd6
Nxd6 22. Nf4 Nf5 23. Rh1 Kc8 24. Qd3 Qg5 25. Kb1 Kb8 26. Qc2 Re7 27. Rhe1 Rhe8
28. Nd3 Nd7 29. Qb3 Nd6 30. Bh1 Nc4 31. Ka1 c6 32. Qc2 Qg6 33. Qc1 Ka7 34. Qf4
Rf7 35. Qc1 e5 36. dxe5 Ndxe5 37. Nxe5 Nxe5 38. Qe3+ b6 39. f4 Qc2 40. fxe5 Rf2
41. Qc1 Qf5 42. Qb1 Qh5 43. Re3 Re7 44. Rde1 Qh2 45. g4 Re6 46. Bf3 b5 47. a3
Kb6 48. R3e2 a5 49. Qd1 Kb7 50. Rxf2 Qxf2 51. Qe2 Qg3 52. Qe3 b4 53. cxb4 axb4
54. a4 Kc8 55. Bxd5 1-0

[Event "Oberliga Ost B 2016 2017"]
[Site "Germany"]
[Date "2017.03.19"]
[Round "8.1"]
[White "Zimmermann, Hendrik"]
[Black "De Visser, Leon"]
[Result "1-0"]
[WhiteElo "2157"]
[BlackElo "2258"]
[PlyCount "63"]
[EventDate "2016.10.16"]
[EventType "team-tourn"]
[EventCountry "GER"]
[WhiteTeam "Frankfurt SC Koenig Nied"]
[BlackTeam "Frankfurt SC Brett vorm Kopp"]
[WhiteTeamCountry "GER"]
[BlackTeamCountry "GER"]

1. d4 d5 2. c4 c6 3. cxd5 cxd5 4. Nc3 Nf6 5. Bf4 Nc6 6. e3 a6 7. Be2 Bf5 8. g4
Bg6 9. h4 h6 10. Qb3 Na5 11. Qa4+ Nc6 12. Rc1 e6 13. Nh3 Be7 14. Bg3 Ne4 15.
Nxe4 Bxe4 16. f3 Bh7 17. Nf4 b5 18. Qd1 Qb6 19. Kf2 Bd6 20. Bd3 Bxd3 21. Qxd3
Bxf4 22. Bxf4 h5 23. g5 g6 24. Qa3 b4 25. Qa4 Rc8 26. Rc5 O-O 27. Rhc1 Na7 28.
Rxc8 Nxc8 29. Qd7 Na7 30. Rc7 b3 31. a4 Qb4 32. Ke2 1-0

[Event "Oberliga Ost B 2016 2017"]
[Site "Germany"]
[Date "2017.03.19"]
[Round "8.2"]
[White "Koch, Markus"]
[Black "Uwira, Oliver"]
[Result "1-0"]
[WhiteElo "2168"]
[BlackElo "2254"]
[PlyCount "99"]
[EventDate "2016.10.16"]
[EventType "team-tourn"]
[EventCountry "GER"]
[WhiteTeam "Frankfurt SC Brett vorm Kopp"]
[BlackTeam "Frankfurt SC Koenig Nied"]
[WhiteTeamCountry "GER"]
[BlackTeamCountry "GER"]

1. d4 d5 2. c4 dxc4 3. e4 Nc6 4. Nf3 Nf6 5. e5 Nd5 6. Bxc4 Bg4 7. Nc3 e6 8. O-O
Nb6 9. Be2 Be7 10. a4 a6 11. Be3 Qd7 12. h3 Bh5 13. Ne4 Bg6 14. Nc5 Bxc5 15.
dxc5 Qxd1 16. Rfxd1 Nd7 17. Rac1 h6 18. Bd2 O-O-O 19. b4 Ndxe5 20. Nxe5 Nxe5
21. b5 Bd3 22. bxa6 Bxa6 23. Bxa6 bxa6 24. c6 f6 25. f4 Nd3 26. Rb1 Rd6 27. Be3
Re8 28. Ba7 Kd8 29. Rb3 Rxc6 30. Rb8+ Ke7 31. Rxe8+ Kxe8 32. Rxd3 Rc4 33. Rd4
Rc1+ 34. Kh2 Ke7 35. Rb4 g5 36. fxg5 hxg5 37. Be3 Rc2 38. Kg3 e5 39. Kf3 Ke6
40. g4 Kd5 41. Rb7 e4+ 42. Kg3 Re2 43. Ba7 Ra2 44. Rxc7 Rxa4 45. Rc3 Ra2 46.
Bb6 Rd2 47. Ra3 Kc6 48. Be3 Rd3 49. Rxa6+ Kb5 50. Rb6+ 1-0

[Event "Oberliga Ost B 2016 2017"]
[Site "Germany"]
[Date "2017.03.19"]
[Round "8.3"]
[White "Staller, Peter"]
[Black "Wendel, Stephan"]
[Result "0-1"]
[WhiteElo "2264"]
[BlackElo "2273"]
[PlyCount "46"]
[EventDate "2016.10.16"]
[EventType "team-tourn"]
[EventCountry "GER"]
[WhiteTeam "Frankfurt SC Koenig Nied"]
[BlackTeam "Frankfurt SC Brett vorm Kopp"]
[WhiteTeamCountry "GER"]
[BlackTeamCountry "GER"]

1. Nf3 d5 2. d4 Nf6 3. c4 c6 4. e3 g6 5. Nc3 Bg7 6. h3 O-O 7. Bd3 a6 8. b3 c5
9. Rb1 Nc6 10. dxc5 Qa5 11. Bd2 Qxc5 12. Nxd5 Nxd5 13. cxd5 Nb4 14. Bxb4 Qxb4+
15. Nd2 Rd8 16. Ke2 Rxd5 17. Qc2 Be6 18. Nc4 Rc8 19. a3 Qc5 20. Rhc1 b5 21. Qa2
Rxd3 22. Kxd3 bxc4+ 23. bxc4 Bf5+ 0-1

[Event "Oberliga Ost B 2016 2017"]
[Site "Germany"]
[Date "2017.03.19"]
[Round "8.4"]
[White "Wege, Jochen"]
[Black "Chandler, Patrick"]
[Result "1-0"]
[WhiteElo "2295"]
[BlackElo "2154"]
[PlyCount "55"]
[EventDate "2016.10.16"]
[EventType "team-tourn"]
[EventCountry "GER"]
[WhiteTeam "Frankfurt SC Brett vorm Kopp"]
[BlackTeam "Frankfurt SC Koenig Nied"]
[WhiteTeamCountry "GER"]
[BlackTeamCountry "GER"]

1. e4 a6 2. d4 b5 3. Bd3 Bb7 4. Nf3 e6 5. O-O Nf6 6. Re1 d6 7. a4 b4 8. Bd2 c5
9. e5 Nfd7 10. c3 d5 11. cxb4 c4 12. Bf1 Nc6 13. b3 Bxb4 14. bxc4 dxc4 15. Bxc4
Bxd2 16. Nbxd2 O-O 17. Ne4 Nb4 18. a5 Bd5 19. Qb3 Rb8 20. Bxd5 Nxd5 21. Qd3 Nb4
22. Qe2 Rb5 23. Nd6 Rd5 24. Qc4 Rxd6 25. exd6 Nd5 26. Qxa6 Nb8 27. Qb7 Qxd6 28.
a6 1-0

[Event "Oberliga Ost B 2016 2017"]
[Site "Germany"]
[Date "2017.03.19"]
[Round "8.5"]
[White "Prenzler, Daniel"]
[Black "Vollmar, Rainer"]
[Result "1/2-1/2"]
[WhiteElo "2237"]
[BlackElo "2143"]
[PlyCount "78"]
[EventDate "2016.10.16"]
[EventType "team-tourn"]
[EventCountry "GER"]
[WhiteTeam "Frankfurt SC Koenig Nied"]
[BlackTeam "Frankfurt SC Brett vorm Kopp"]
[WhiteTeamCountry "GER"]
[BlackTeamCountry "GER"]

1. e4 c5 2. Nf3 Nc6 3. d4 cxd4 4. Nxd4 g6 5. Nc3 Bg7 6. Be3 Nf6 7. Bc4 O-O 8.
Bb3 d6 9. f3 Nxd4 10. Bxd4 Be6 11. Qd2 Qa5 12. O-O-O Bxb3 13. cxb3 Rfc8 14. Kb1
Rc6 15. g4 Rac8 16. h4 h5 17. g5 Ne8 18. Nd5 Qxd2 19. Rxd2 Kf8 20. Bxa7 Ra8 21.
Bd4 Bxd4 22. Rxd4 Rac8 23. Rd2 e6 24. Ne3 Ke7 25. f4 f5 26. exf5 gxf5 27. Re1
Kf7 28. Nc2 Rc5 29. Ne3 R5c6 30. Nc2 Rc5 31. b4 R5c7 32. Nd4 Re7 33. Nb5 Rc4
34. Rd4 Rc6 35. a4 e5 36. Rd5 Ke6 37. Rd2 Kf7 38. Rd5 Ke6 39. Rd2 Kf7 1/2-1/2

[Event "Oberliga Ost B 2016 2017"]
[Site "Germany"]
[Date "2017.03.19"]
[Round "8.6"]
[White "Kues, Jarl Hendrik"]
[Black "Graf, Gerd"]
[Result "1/2-1/2"]
[WhiteElo "2136"]
[BlackElo "2237"]
[PlyCount "137"]
[EventDate "2016.10.16"]
[EventType "team-tourn"]
[EventCountry "GER"]
[WhiteTeam "Frankfurt SC Brett vorm Kopp"]
[BlackTeam "Frankfurt SC Koenig Nied"]
[WhiteTeamCountry "GER"]
[BlackTeamCountry "GER"]

1. d4 g6 2. Nf3 Bg7 3. Bf4 d6 4. c3 Nf6 5. h3 O-O 6. e3 c5 7. Be2 Nc6 8. O-O
Be6 9. Ng5 Bf5 10. Nd2 cxd4 11. cxd4 e5 12. dxe5 Nd5 13. Nge4 Nxf4 14. exf4
dxe5 15. Ng3 Be6 16. fxe5 Nxe5 17. Nde4 Qb6 18. Qd6 Rfd8 19. Qe7 Nc6 20. Qh4 h6
21. Kh1 Rd4 22. f4 Qd8 23. Qxd8+ Raxd8 24. Nc5 Bc8 25. f5 Be5 26. Rf3 Bxg3 27.
Rxg3 Bxf5 28. Nxb7 Rb8 29. Rc1 Rxb7 30. Rxc6 Be6 31. b3 Rd2 32. Bf3 Rb6 33.
Rxb6 axb6 34. Bg4 f5 35. Bh5 g5 36. Re3 Bd5 37. Re2 Rd4 38. Rf2 f4 39. Bf3 Bxf3
40. Rxf3 Rd2 41. Rc3 Rxa2 42. Rc6 Kg7 43. Kg1 b5 44. Rb6 Rb2 45. Rxb5 Kg6 46.
Rb6+ Kh5 47. Kf1 Kh4 48. Rxh6+ Kg3 49. Rg6 Rf2+ 50. Ke1 Rxg2 51. Rxg5+ Kxh3 52.
Rf5 Kg4 53. Rf8 Rb2 54. Rg8+ Kf3 55. Rh8 Rb1+ 56. Kd2 Kg2 57. Rg8+ Kf2 58. Kc3
f3 59. b4 Rg1 60. Rf8 Ke2 61. Re8+ Kf1 62. b5 f2 63. Rf8 Ke2 64. Kc4 Rg3 65.
Rxf2+ Kxf2 66. b6 Ke3 67. Kc5 Ke4 68. b7 Rg8 69. Kc6 1/2-1/2

[Event "Oberliga Ost B 2016 2017"]
[Site "Germany"]
[Date "2017.03.19"]
[Round "8.7"]
[White "Perlitz, Sven"]
[Black "Syed, Tareq"]
[Result "1/2-1/2"]
[WhiteElo "2065"]
[BlackElo "2010"]
[PlyCount "32"]
[EventDate "2016.10.16"]
[EventType "team-tourn"]
[EventCountry "GER"]
[WhiteTeam "Frankfurt SC Koenig Nied"]
[BlackTeam "Frankfurt SC Brett vorm Kopp"]
[WhiteTeamCountry "GER"]
[BlackTeamCountry "GER"]

1. e4 d6 2. d4 Nf6 3. Nc3 e5 4. Nf3 Nbd7 5. Bc4 Be7 6. O-O O-O 7. Re1 a6 8.
dxe5 dxe5 9. a4 b6 10. Nd5 Bb7 11. Qe2 Nxd5 12. exd5 Bd6 13. Bg5 f6 14. Bd2 a5
15. Rad1 Nc5 16. b3 Bc8 1/2-1/2

[Event "Oberliga Ost B 2016 2017"]
[Site "Germany"]
[Date "2017.03.19"]
[Round "8.8"]
[White "Goebel, Andreas"]
[Black "Goll, Christof"]
[Result "1/2-1/2"]
[WhiteElo "1980"]
[BlackElo "2082"]
[PlyCount "37"]
[EventDate "2016.10.16"]
[EventType "team-tourn"]
[EventCountry "GER"]
[WhiteTeam "Frankfurt SC Brett vorm Kopp"]
[BlackTeam "Frankfurt SC Koenig Nied"]
[WhiteTeamCountry "GER"]
[BlackTeamCountry "GER"]

1. Nf3 d5 2. g3 Nf6 3. Bg2 c6 4. O-O Bf5 5. b3 h6 6. Bb2 e6 7. d3 Be7 8. c4 O-O
9. cxd5 exd5 10. Nbd2 Nbd7 11. Nd4 Bh7 12. e4 Nc5 13. Qe2 Re8 14. Rfe1 Bf8 15.
f3 Qb6 16. Bf1 Rad8 17. Qf2 a5 18. Nc2 Ncd7 19. Qxb6 1/2-1/2

[Event "Oberliga Ost B 2016 2017"]
[Site "Germany"]
[Date "2017.03.19"]
[Round "8.1"]
[White "Rafiee, Makan"]
[Black "Feldtmann, Thomas"]
[Result "1-0"]
[WhiteElo "2318"]
[BlackElo "2221"]
[PlyCount "33"]
[EventDate "2016.10.16"]
[EventType "team-tourn"]
[EventCountry "GER"]
[WhiteTeam "Kasseler SK"]
[BlackTeam "Marburg SK"]
[WhiteTeamCountry "GER"]
[BlackTeamCountry "GER"]

1. e4 d6 2. d4 Nf6 3. Nc3 g6 4. f4 Bg7 5. Nf3 O-O 6. e5 Ne8 7. Be3 Nd7 8. h4 c5
9. h5 cxd4 10. hxg6 dxe3 11. gxf7+ Rxf7 12. Ng5 e2 13. Bxe2 Nb6 14. Nxf7 Kxf7
15. Bd3 e6 16. Rxh7 Qd7 17. Qh5+ 1-0